Statistiques concernant Top 50 de l'Année 1980

Cliquez ici pour prendre le quiz!

Statistiques générales

  • Ce quiz a été pris 36 fois
  • Le résultat moyen est 9 sur 50

Statistiques - réponses

ArtistesChanson% Correct
8LioLe Banana Split
90%
10France GallIl jouait du piano debout
45%
15Richard CoccianteLe coup de Soleil
41%
18TrustAntisocial
38%
1LioAmoureux Solitaires
31%
19Michel BergerLa groupie du Pianiste
31%
3Pink FloydAnother Brick in the Wall (Part II)
28%
26Robert PalmerJohnny & Mary
28%
42Alain ChanfortManuréva
28%
21Sheila & B. DevotionSpacer
28%
24Didier BarbelivienElle
24%
27Francis CabrelL'Encre de tes yeux
24%
16The PoliceMessage in a bottle
24%
4MadnessOne Step Beyond
24%
36Jacques HigelinChampagne
21%
38Irene CaraFame
21%
7Alain BashungGaby oh Gaby
21%
40ABBAGimme! Gimme! Gimme!
21%
14George BensonGive me the night
21%
28JairoLes Jardins du ciel
21%
6Lipps Inc.Funky Town
17%
31Sylvie VartanNicolas
17%
13David BowieAshes to Ashes
14%
34BlondieAtomic
14%
45Valerie LagrangeFaut plus me la faire
14%
41Le SplendidMacao
14%
30Pino D'AngioMa Quale idea
14%
11Sugarhill GangRapper's delight
14%
17Diana RossUpside down
14%
9The PoliceWalking on the moon
14%
2The WhispersAnd the beat goes on
10%
5The KorgisEverybody's got to learn sometime
10%
20Stevie WonderMaster Blaster
10%
50Errol DunkleyO.K. Fred
10%
43The Brothers JohnsonStomp
10%
32Bernard LavilliersTraffic
10%
12SparksWhen I'm with you
10%
33Barbra StreisandWoman in Love
10%
22Nina Hagen BandAfrican Reggae
7%
35The PretendersBrass in pocket
7%
39UB40Food for thought
7%
46Alain ChamfortGéant
7%
29Johnny HallydayMa Gueule
7%
23Julio IglesiasC'est ma vie
3%
37Paul McCartneyComing up
3%
44The PoliceDon't stand so close to me
3%
25The Rolling StonesEmotional rescue
3%
47DalidaIl faut danser reggae
3%
48Michel SardouJe ne suis pas mort, je Dors
3%
49Elton JohnLittle Jeannie
3%

Distribution des résultats

Percentile par nombre de réponses

% des personnes avec chaque résultat

Votre développement - résultats

Vous n’avez pas pris ce quiz